Suriname : First Review under the Extended Arrangement under the Extended Fund Facility, and Financing Assurances Review-Press Release; Staff Report; Staff Statement; and Statement by the Executive Director for Suriname.

On December 22, 2021, the IMF Executive Board approved a 36-month arrangement under the Extended Fund Facility (EFF) with access of 366.8 percent of quota (SDR 472.8 million or USD 673 million). The Surinamese authorities' homegrown economic recovery plan aims to address systemic fiscal and ext...

Descripció completa

Dades bibliogràfiques
Autor corporatiu: International Monetary Fund. Western Hemisphere Dept
Format: Revista
Idioma:English
Publicat: Washington, D.C. : International Monetary Fund, 2022.
Col·lecció:IMF Staff Country Reports; Country Report ; No. 2022/090
Matèries:
Accés en línia:Full text available on IMF
LEADER 01958cas a2200289 a 4500
001 AALejournalIMF022544
008 230101c9999 xx r poo 0 0eng d
020 |c 5.00 USD 
020 |z 9798400206306 
022 |a 1934-7685 
040 |a BD-DhAAL  |c BD-DhAAL 
110 2 |a International Monetary Fund.  |b Western Hemisphere Dept. 
245 1 0 |a Suriname :   |b First Review under the Extended Arrangement under the Extended Fund Facility, and Financing Assurances Review-Press Release; Staff Report; Staff Statement; and Statement by the Executive Director for Suriname. 
264 1 |a Washington, D.C. :  |b International Monetary Fund,  |c 2022. 
300 |a 1 online resource (111 pages) 
490 1 |a IMF Staff Country Reports 
500 |a <strong>Off-Campus Access:</strong> No User ID or Password Required 
500 |a <strong>On-Campus Access:</strong> No User ID or Password Required 
506 |a Electronic access restricted to authorized BRAC University faculty, staff and students 
520 3 |a On December 22, 2021, the IMF Executive Board approved a 36-month arrangement under the Extended Fund Facility (EFF) with access of 366.8 percent of quota (SDR 472.8 million or USD 673 million). The Surinamese authorities' homegrown economic recovery plan aims to address systemic fiscal and external imbalances and chart a course toward debt sustainability, declining inflation, and economic recovery while maintaining social stability. In the first few months of the program, the authorities have made good progress but important risks remain. 
538 |a Mode of access: Internet 
650 7 |a International Agreements and Observance  |2 imf 
650 7 |a International Organizations  |2 imf 
650 7 |a Monetary Policy  |2 imf 
651 7 |a Suriname  |2 imf 
830 0 |a IMF Staff Country Reports; Country Report ;  |v No. 2022/090 
856 4 0 |z Full text available on IMF  |u http://elibrary.imf.org/view/journals/002/2022/090/002.2022.issue-090-en.xml  |z IMF e-Library